Statistics for Indian Wells Champions

Click here to take the quiz!

General Stats

  • This quiz has been taken 21 times
    (13 since last reset)
  • The average score is 28 of 36

Answer Stats

YearPlayer% Correct
2001Andre Agassi
100%
2023Carlos Alcaraz
100%
2018Juan Martín del Potro
100%
2016Novak Djokovic
100%
2015Novak Djokovic
100%
2014Novak Djokovic
100%
2011Novak Djokovic
100%
2008Novak Djokovic
100%
1994Pete Sampras
100%
1995Pete Sampras
100%
2013Rafael Nadal
100%
2009Rafael Nadal
100%
2007Rafael Nadal
100%
2006Roger Federer
100%
2017Roger Federer
100%
2012Roger Federer
100%
2005Roger Federer
100%
2004Roger Federer
100%
2019Dominic Thiem
83%
2022Taylor Fritz
83%
2003Lleyton Hewitt
67%
2002Lleyton Hewitt
67%
1988Boris Becker
58%
1987Boris Becker
58%
2021Cameron Norrie
58%
1993Jim Courier
58%
1991Jim Courier
58%
1997Michael Chang
58%
1992Michael Chang
58%
1996Michael Chang
58%
1990Stefan Edberg
58%
1998Marcelo Ríos
42%
2010Ivan Ljubičić
25%
1999Mark Philippoussis
25%
2000Àlex Corretja
17%
1989Miloslav Mečíř
17%

Score Distribution

Percentile by Number Answered

Percent of People with Each Score

Your Score History

You have not taken this quiz since the last reset